[Event "2014 AB Jr. Open"]
[Site "Edmonton"]
[Date "2014.11.23"]
[Round "5.2"]
[White "Superceanu, Andi"]
[Black "Chitrakar, Siddhartha"]
[Result "1/2-1/2"]
[WhiteElo "1268"]
[BlackElo "1403"]
[PlyCount "78"]
[EventDate "2014.11.22"]
[EventType "swiss"]
[EventRounds "5"]
[EventCountry "CAN"]

1. e4 e5 2. Nf3 Nc6 3. Bc4 Nf6 4. d3 h6 5. Nc3 Bc5 6. Be3 Bb6 7. Bxb6 axb6 8.
O-O O-O 9. a3 d6 10. Ne2 Be6 11. Bxe6 fxe6 12. Ng3 d5 13. Re1 Re8 14. c3 Kh8
15. d4 exd4 16. cxd4 Rc8 17. e5 Nh7 18. Rc1 Na5 19. Nd2 c5 20. dxc5 bxc5 21.
Qa4 b6 22. Ne2 Nf8 23. f4 Ng6 24. g3 Ne7 25. Nc3 Nf5 26. Nb5 Ra8 27. Qd1 Qd7
28. Nc3 Rad8 29. Qh5 Kg8 30. Rcd1 Qf7 31. Qxf7+ Kxf7 32. Nb5 Kg8 33. g4 Nh4 34.
Nd6 Rf8 35. Rf1 Nc6 36. Nb3 Ng6 37. f5 exf5 38. Rxf5 Rxf5 39. Nxf5 Ngxe5
1/2-1/2

[Event "2014 AB Jr. Open"]
[Site "Edmonton"]
[Date "2014.11.23"]
[Round "5.3"]
[White "Shrestha, Prayus"]
[Black "Lau, Julian"]
[Result "1-0"]
[WhiteElo "1415"]
[BlackElo "1336"]
[PlyCount "115"]
[EventDate "2014.11.22"]
[EventType "swiss"]
[EventRounds "5"]
[EventCountry "CAN"]

1. d4 Nf6 2. Nf3 c6 3. e3 d5 4. Bd3 Bg4 5. h3 Bh5 6. Nbd2 Nbd7 7. c4 c5 8. dxc5
dxc4 9. Bxc4 e5 10. Qb3 e4 11. Nd4 Nxc5 12. Qb5+ Qd7 13. Qxd7+ Ncxd7 14. Nf5
Bg6 15. Nh4 Bd6 16. b3 Be5 17. Rb1 Rd8 18. O-O O-O 19. Nxg6 hxg6 20. Ba3 Rfe8
21. g4 Nb6 22. Rbd1 a5 23. Bb5 Re6 24. g5 Nh7 25. h4 Bb8 26. Nxe4 Rxd1 27. Rxd1
Bc7 28. Bd6 Na8 29. Bxc7 Nxc7 30. Bd3 Re8 31. Nd6 Rd8 32. Nxb7 Rd5 33. Be2 Re5
34. Bc4 Re4 35. Rd4 Re7 36. Nxa5 Ne6 37. Nc6 Rc7 38. Bxe6 fxe6 39. Ne5 Nf8 40.
Rd8 Rb7 41. Nxg6 Rf7 42. Rxf8+ Rxf8 43. Nxf8 Kxf8 44. a4 Ke7 45. b4 Kd7 46. h5
Kd6 47. h6 gxh6 48. gxh6 e5 49. h7 e4 50. h8=Q Kc6 51. Qd8 Kb7 52. Qd6 Ka8 53.
Qe7 Kb8 54. Qd7 Ka8 55. a5 Kb8 56. a6 Ka8 57. Qc8+ Ka7 58. Qb7# 1-0

[Event "2014 AB Jr. U1300"]
[Site "Edmonton"]
[Date "2014.11.22"]
[Round "1.4"]
[White "Tolentino, Khino"]
[Black "Kalashnikov, Leon"]
[Result "1-0"]
[WhiteElo "1031"]
[BlackElo "856"]
[PlyCount "71"]
[EventDate "2014.11.22"]
[EventType "swiss"]
[EventRounds "7"]
[EventCountry "CAN"]

1. e4 e5 2. Nf3 Qf6 3. Bc4 Qg6 4. O-O d6 5. Nc3 Be7 6. Nd5 Bh3 7. Ne3 Nf6 8.
Kh1 Bg4 9. Nxg4 Qxg4 10. d3 c6 11. Bg5 b5 12. Bb3 h6 13. Bxf6 Bxf6 14. Bxf7+
Ke7 15. Bb3 c5 16. Bd5 Nc6 17. Bxc6 Rac8 18. Bxb5 Rb8 19. Bc4 Rxb2 20. Rb1 Rhb8
21. Rxb2 Rxb2 22. Bb3 c4 23. dxc4 Qxe4 24. Qd2 Qf5 25. Qc3 e4 26. Nd4 Bxd4 27.
Qxd4 Rxb3 28. cxb3 g5 29. Qxa7+ Ke6 30. Qb7 e3 31. Qc8+ Ke5 32. Qxf5+ Kxf5 33.
fxe3+ Ke4 34. a4 Kxe3 35. a5 Ke2 36. Rf8 1-0

[Event "2014 AB Jr. U1300"]
[Site "Edmonton"]
[Date "2014.11.22"]
[Round "3.1"]
[White "Ivanescu, Mark"]
[Black "Qian, Justin"]
[Result "1-0"]
[WhiteElo "874"]
[BlackElo "1022"]
[PlyCount "69"]
[EventDate "2014.11.22"]
[EventType "swiss"]
[EventRounds "7"]
[EventCountry "CAN"]

1. e4 c5 2. Nf3 Nc6 3. d4 cxd4 4. Nxd4 Nxd4 5. Qxd4 d6 6. Bc4 Nf6 7. Nc3 e5 8.
Qd1 g6 9. Be3 Bg7 10. O-O O-O 11. Qd2 Ng4 12. h3 Nxe3 13. Qxe3 a6 14. f4 Qe7
15. Nd5 Qd8 16. Nb6 Rb8 17. Nxc8 Rxc8 18. Bb3 Qd7 19. c3 Bh6 20. Qg3 Bxf4 21.
Qd3 Qe7 22. g3 Bh6 23. Rad1 Rcd8 24. Kh2 Rfe8 25. Bxf7+ Kg7 26. Bxe8 Qxe8 27.
Rf3 b5 28. Rdf1 Qd7 29. Qd5 Kh8 30. Rf7 Qc8 31. R1f6 Qc5 32. Qb7 Kg8 33. Qe7
Qc8 34. Rxh7 Rf8 35. Rxg6+ 1-0

[Event "2014 AB Jr. U1300"]
[Site "Edmonton"]
[Date "2014.11.23"]
[Round "5.1"]
[White "Ivanescu, Mark"]
[Black "Jindal, Dhruv"]
[Result "1-0"]
[WhiteElo "874"]
[BlackElo "1171"]
[PlyCount "57"]
[EventDate "2014.11.22"]
[EventType "swiss"]
[EventRounds "7"]
[EventCountry "CAN"]

1. e4 d6 2. d4 Nf6 3. Nc3 g6 4. Nf3 Bg7 5. g3 O-O 6. Bg2 a6 7. O-O b5 8. e5
Nfd7 9. e6 Nf6 10. exf7+ Rxf7 11. Ng5 c6 12. Nxf7 Kxf7 13. d5 Bb7 14. dxc6 Bxc6
15. Bxc6 Nxc6 16. Bg5 Qb6 17. Nd5 Qc5 18. Bxf6 exf6 19. b4 Nxb4 20. Nxb4 Qxb4
21. Qd5+ Kf8 22. Qxa8+ Kf7 23. Qxa6 f5 24. Rab1 Qd4 25. Rxb5 Kf6 26. Qb6 Qd2
27. Qe3 Qxc2 28. Re1 Qc4 29. Qe7# 1-0

[Event "2014 AB Jr. U1300"]
[Site "Edmonton"]
[Date "2014.11.23"]
[Round "5.2"]
[White "Stefanov, Marko"]
[Black "Tolentino, Khino"]
[Result "1-0"]
[WhiteElo "1075"]
[BlackElo "1031"]
[PlyCount "121"]
[EventDate "2014.11.22"]
[EventType "swiss"]
[EventRounds "7"]
[EventCountry "CAN"]

1. e4 c5 2. Bc4 g6 3. Nf3 Nc6 4. Ng5 d5 5. Bxd5 e6 6. Qf3 Qxg5 7. Bxc6+ bxc6 8.
O-O Bg7 9. e5 Bd7 10. d4 Qf5 11. Qxf5 exf5 12. dxc5 Bxe5 13. Re1 f6 14. f4
O-O-O 15. fxe5 fxe5 16. Rxe5 Nf6 17. Bg5 Rhf8 18. Bxf6 Rxf6 19. Re7 Re6 20.
Rxe6 Bxe6 21. Nc3 Rd2 22. Rc1 f4 23. a3 Bg4 24. h3 Bf5 25. Nb1 Rd5 26. b4 Re5
27. Kf2 f3 28. gxf3 Bxh3 29. Nc3 Rf5 30. Kg3 Rf7 31. Rh1 Bf5 32. Rc1 h5 33. b5
Bd7 34. b6 a5 35. Ne4 Kb8 36. Nd6 Re7 37. Kf4 h4 38. Kg5 Re5+ 39. Kxh4 Rxc5 40.
c4 Rh5+ 41. Kg3 Rh3+ 42. Kf4 Rh4+ 43. Kg5 Rh5+ 44. Kxg6 Rh2 45. Kf6 Rh6+ 46.
Ke5 Rh5+ 47. Kf4 Rh4+ 48. Ke3 Rh6 49. c5 Re6+ 50. Kf2 Rf6 51. Rg1 Rf8 52. f4
Rxf4+ 53. Ke3 Rf8 54. Kd4 Rf4+ 55. Ke5 Rf8 56. Rg7 Rd8 57. Kf6 a4 58. Ke7 Ka8
59. Kxd8 Bc8 60. Rg8 Kb8 61. Ke7 1-0

[Event "2014 AB Jr. U1300"]
[Site "Edmonton"]
[Date "2014.11.23"]
[Round "6"]
[White "Jindal, Dhruv"]
[Black "Tolentino, Khino"]
[Result "1-0"]
[WhiteElo "1171"]
[BlackElo "1031"]
[PlyCount "65"]
[EventDate "2014.11.22"]
[EventType "swiss"]
[EventRounds "7"]
[EventCountry "CAN"]

1. e4 c5 2. c3 g6 3. d4 cxd4 4. cxd4 Nc6 5. Nf3 Bg7 6. Be3 Nf6 7. Nc3 O-O 8.
Qd2 d5 9. e5 Ng4 10. Bf4 Bf5 11. Nh4 Qd7 12. Nxf5 Qxf5 13. Bd3 Qd7 14. h3 Nxf2
15. Qxf2 Rfe8 16. Bb5 Rac8 17. h4 Qc7 18. Nxd5 Qa5+ 19. Nc3 Qb6 20. Bxc6 Rxc6
21. h5 gxh5 22. Rxh5 Rc4 23. Be3 Qg6 24. Qe2 Qg3+ 25. Qf2 Qg6 26. Rg5 Qd3 27.
Qe2 Rxc3 28. bxc3 Qxc3+ 29. Kf2 Qxa1 30. Rg3 Kh8 31. Qg4 Qxa2+ 32. Kg1 Qe6 33.
Qxg7# 1-0

[Event "2014 AB Jr. U1300"]
[Site "Edmonton"]
[Date "2014.11.23"]
[Round "7.3"]
[White "Stefanov, Marko"]
[Black "Li, Zehan"]
[Result "0-1"]
[WhiteElo "1075"]
[BlackElo "1147"]
[PlyCount "104"]
[EventDate "2014.11.22"]
[EventType "swiss"]
[EventRounds "7"]
[EventCountry "CAN"]

1. e4 c6 2. Nf3 d5 3. exd5 cxd5 4. Bb5+ Bd7 5. c4 Nf6 6. Bxd7+ Nbxd7 7. cxd5
Nxd5 8. Qb3 N7b6 9. Nc3 Nf6 10. Ng5 e6 11. Nge4 Nxe4 12. Nxe4 Be7 13. Qb5+ Qd7
14. Qxd7+ Nxd7 15. O-O O-O 16. d3 Ne5 17. Rd1 Nc6 18. Bg5 f6 19. Bf4 e5 20. Be3
Nb4 21. Bc5 Bxc5 22. Nxc5 b6 23. Ne6 Rf7 24. a3 Na6 25. g3 Re7 26. Nxg7 Rxg7
27. f4 exf4 28. Kf2 fxg3+ 29. hxg3 Nc5 30. d4 Ne4+ 31. Ke1 Rxg3 32. d5 Rg1+ 33.
Ke2 Rxd1 34. Rxd1 Rd8 35. Ke3 f5 36. Kf4 Nf6 37. d6 Kf7 38. Kxf5 Ne8 39. d7 Nc7
40. Kg5 Ke7 41. Rh1 Rxd7 42. Rxh7+ Kd6 43. Rh6+ Kc5 44. Rh5 Rd5+ 45. Kg4 Rxh5
46. Kxh5 a5 47. Kg5 Kc4 48. Kf6 Kb3 49. Ke7 Kxb2 50. Kd7 Nd5 51. Kc6 Kxa3 52.
Kxd5 b5 0-1

[Event "2014 AB Jr. Girls"]
[Site "Edmonton"]
[Date "2014.11.23"]
[Round "1"]
[White "Mah, Sydney"]
[Black "Jindal, Tanushka"]
[Result "1-0"]
[WhiteElo "985"]
[BlackElo "896"]
[PlyCount "109"]
[EventDate "2014.11.23"]
[EventType "match"]
[EventRounds "4"]
[EventCountry "CAN"]

1. e4 e5 2. f4 exf4 3. Nf3 d6 4. Bc4 Bg4 5. d3 Qf6 6. Nc3 Ne7 7. Qe2 g6 8. Bd2
Nbc6 9. O-O-O Nd4 10. Qf2 Nxf3 11. gxf3 Be6 12. Rhe1 Bxc4 13. dxc4 Bg7 14. Kb1
O-O 15. Bc1 Qe6 16. Nd5 Rfc8 17. Qf1 Qe5 18. c3 c6 19. Nxe7+ Qxe7 20. Bxf4 Rd8
21. Qg2 Qe6 22. Qf1 Bf8 23. Rd2 Qf6 24. Bg3 Qg5 25. Qf2 Bh6 26. Red1 d5 27. Bh4
Qe3 28. Bxd8 Qxf2 29. Rxf2 Rxd8 30. cxd5 cxd5 31. f4 Rd6 32. c4 d4 33. c5 Rf6
34. f5 Be3 35. Re2 Rc6 36. b4 Bf4 37. Rxd4 b6 38. e5 bxc5 39. bxc5 Bh6 40. fxg6
hxg6 41. Rd8+ Kg7 42. Rd7 Rxc5 43. Rxa7 Rb5+ 44. Kc2 Rc5+ 45. Kd3 Bg5 46. e6
Rf5 47. Kd4 Rf4+ 48. Kd5 Rf6 49. e7 Rf5+ 50. Kd6 Bxe7+ 51. Rexe7 Rf2 52. a4
Rd2+ 53. Kc5 Rxh2 54. Rxf7+ Kh6 55. Rh7+ 1-0

[Event "2014 AB Jr. Girls"]
[Site "Edmonton"]
[Date "2014.11.23"]
[Round "2"]
[White "Jindal, Tanushka"]
[Black "Mah, Sydney"]
[Result "1-0"]
[WhiteElo "896"]
[BlackElo "985"]
[PlyCount "49"]
[EventDate "2014.11.23"]
[EventType "match"]
[EventRounds "4"]
[EventCountry "CAN"]

1. e4 e6 2. d4 d5 3. e5 f6 4. Nf3 Nc6 5. Be3 Be7 6. g3 f5 7. Bg2 h6 8. h4 b6 9.
Nfd2 Bb7 10. Qh5+ Kd7 11. Qg6 Qf8 12. Qh5 Re8 13. Qd1 g6 14. c3 Kc8 15. Qa4 Kb8
16. c4 dxc4 17. Bxc6 a6 18. Bxb7 Kxb7 19. Qxc4 Bd8 20. Na3 Qg7 21. Qa4 Ne7 22.
Rc1 b5 23. Qb3 Nc6 24. Nxb5 Nxe5 25. Nd6+ 1-0

[Event "2014 AB Jr. Girls"]
[Site "Edmonton"]
[Date "2014.11.23"]
[Round "3"]
[White "Mah, Sydney"]
[Black "Jindal, Tanushka"]
[Result "1-0"]
[WhiteElo "985"]
[BlackElo "896"]
[PlyCount "67"]
[EventDate "2014.11.23"]
[EventType "match"]
[EventRounds "4"]
[EventCountry "CAN"]

1. e4 e5 2. Nf3 Nc6 3. Bc4 Nf6 4. Ng5 d5 5. exd5 Na5 6. Bb5+ Bd7 7. a4 Bxb5 8.
axb5 Nxd5 9. d3 Be7 10. O-O h6 11. Nf3 Bf6 12. c4 Ne7 13. Re1 Qd6 14. Rxa5 Qb4
15. Ra2 O-O 16. Bd2 Qd6 17. Qe2 Ng6 18. Nc3 Rae8 19. Qd1 Nf4 20. Bxf4 exf4 21.
Ra1 Qb4 22. Qd2 Rxe1+ 23. Rxe1 Bg5 24. Nd5 Qxd2 25. Nxd2 c6 26. bxc6 bxc6 27.
Ne7+ Bxe7 28. Rxe7 Rd8 29. Rxa7 Rxd3 30. Ra8+ Kh7 31. Nf1 Rb3 32. Rc8 Rxb2 33.
Rxc6 Rd2 34. Nxd2 1-0

[Event "2014 AB Jr. Girls"]
[Site "Edmonton"]
[Date "2014.11.23"]
[Round "4"]
[White "Jindal, Tanushka"]
[Black "Mah, Sydney"]
[Result "0-1"]
[WhiteElo "896"]
[BlackElo "985"]
[PlyCount "98"]
[EventDate "2014.11.23"]
[EventType "match"]
[EventRounds "4"]
[EventCountry "CAN"]

1. e4 e6 2. Nf3 d5 3. exd5 exd5 4. g3 Nf6 5. Bg2 Be6 6. O-O Bd6 7. Nc3 c5 8. d4
Nbd7 9. dxc5 Bxc5 10. Bg5 O-O 11. Nh4 Nb6 12. Qf3 Be7 13. Bxf6 Bxf6 14. Qf4 Re8
15. Nf3 d4 16. Rfd1 Bd5 17. Nxd5 Nxd5 18. Qf5 Ne7 19. Qb5 Rb8 20. Qd3 Qb6 21.
Nxd4 Qxb2 22. Rab1 Qxd4 23. Qxd4 Bxd4 24. Rxd4 Nc6 25. Bxc6 bxc6 26. Rd7 Rxb1+
27. Kg2 g6 28. Rxa7 Kg7 29. Rc7 Rb2 30. Rxc6 Rxa2 31. c4 Ree2 32. c5 Rxf2+ 33.
Kh3 Rxh2+ 34. Kg4 f5+ 35. Kf4 Ra4+ 36. Ke5 Re2+ 37. Kd6 Rd4+ 38. Kc7 Re7+ 39.
Kb6 Rb4+ 40. Ka5 Rb1 41. Ra6 Reb7 42. c6 R7b5+ 43. Ka4 R1b4+ 44. Ka3 Rb3+ 45.
Ka4 Rb1 46. Ra5 R5b4+ 47. Ka3 Rc4 48. Ra6 Ra1+ 49. Kb3 Rxa6 0-1

[Event "2015 Edmonton Championship"]
[Site "Edmonton"]
[Date "2015.01.08"]
[Round "1.1"]
[White "Cheng, Louis"]
[Black "Purewal, Sardul"]
[Result "1-0"]
[WhiteElo "2131"]
[BlackElo "2001"]
[PlyCount "76"]
[EventDate "2015.01.08"]
[EventType "k.o."]
[EventRounds "4"]
[EventCountry "CAN"]

1. d4 Nf6 2. c4 e6 3. Nc3 d5 4. g3 c6 5. Bg2 dxc4 6. Nf3 Nd5 7. O-O Nxc3 8.
bxc3 Nd7 9. Nd2 Nb6 10. a4 a5 11. e4 Be7 12. Qe2 e5 13. dxe5 Qd3 14. Qxd3 cxd3
15. f4 Bg4 16. Ba3 c5 17. Bf3 Bd7 18. Rab1 Nxa4 19. Rxb7 Nxc3 20. f5 Rc8 21. f6
gxf6 22. Bh5 Be6 23. exf6 Bd6 24. Bb2 Be5 25. Bxf7+ Bxf7 26. Re7+ Kf8 27. Rxe5
Ne2+ 28. Kg2 c4 29. Ba3+ Kg8 30. Rg5+ Bg6 31. Nxc4 Rxc4 32. f7+ Kg7 33. f8=Q+
Rxf8 34. Bxf8+ Kg8 35. Bh6 Rc8 36. h4 Kh8 37. h5 Bxe4+ 38. Kh2 Rg8 1-0

[Event "2015 Edmonton Championship"]
[Site "Edmonton"]
[Date "2015.01.08"]
[Round "1.1"]
[White "Dean, Tim"]
[Black "Matras-Clement, Agnieszka"]
[Result "1-0"]
[WhiteElo "1938"]
[BlackElo "2263"]
[PlyCount "67"]
[EventDate "2015.01.08"]
[EventType "k.o."]
[EventRounds "4"]
[EventCountry "CAN"]

1. e4 e5 2. Nf3 Nc6 3. Bb5 a6 4. Ba4 Nf6 5. O-O b5 6. Bb3 Be7 7. Re1 d6 8. c3
O-O 9. h3 Bb7 10. d3 Na5 11. Bc2 c5 12. Nbd2 Re8 13. Nf1 h6 14. Ng3 Bf8 15. d4
Nc6 16. b3 cxd4 17. cxd4 g6 18. Bb2 Bg7 19. Rc1 Rc8 20. Qd2 exd4 21. Nxd4 Nxd4
22. Bxd4 d5 23. Bxf6 Qxf6 24. exd5 Rxe1+ 25. Rxe1 Bxd5 26. Bxg6 Bxb3 27. Bh7+
Kxh7 28. axb3 Qc3 29. Qe2 Qxb3 30. Qe4+ Kh8 31. Qb7 Qc4 32. Qxa6 b4 33. Re8+
Kh7 34. Qxc8 1-0

[Event "2015 Edmonton Championship"]
[Site "Edmonton"]
[Date "2015.01.08"]
[Round "1.1"]
[White "Gardner, Robert"]
[Black "Briones, Dante"]
[Result "1-0"]
[WhiteElo "2245"]
[BlackElo "1949"]
[PlyCount "89"]
[EventDate "2015.01.08"]
[EventType "k.o."]
[EventRounds "4"]
[EventCountry "CAN"]

1. d4 Nf6 2. c4 g6 3. Nc3 Bg7 4. e4 d6 5. Nf3 O-O 6. h3 c5 7. d5 Re8 8. Bd3 Na6
9. O-O Bd7 10. Re1 Qc8 11. Bf4 Nb4 12. Bf1 Na6 13. Qd2 h5 14. Re2 Nc7 15. Rae1
b5 16. e5 dxe5 17. Nxe5 b4 18. Nxd7 Qxd7 19. Ne4 Nxe4 20. Rxe4 Bf6 21. Bg5 Qd6
22. Bd3 Rad8 23. Qe3 Kg7 24. Bh6+ Kg8 25. Bf4 Qb6 26. b3 Rd7 27. Qg3 Red8 28.
Be5 Ne8 29. Rf4 Bxe5 30. Rxe5 Ng7 31. Rg5 Rd6 32. Rf3 R8d7 33. Re3 Qa5 34. Re2
Qc7 35. f4 Rf6 36. Ree5 Qb6 37. f5 Rdd6 38. fxg6 fxg6 39. Rxe7 Kf8 40. Rge5 a6
41. Qe3 Rf7 42. Rxf7+ Kxf7 43. Re7+ Kf8 44. Qe5 Rf6 45. Rc7 1-0

[Event "2015 Edmonton Championship"]
[Site "Edmonton"]
[Date "2015.01.08"]
[Round "1.1"]
[White "Pechenkin, Vladimir"]
[Black "Majaducon, Willy"]
[Result "1-0"]
[WhiteElo "2384"]
[BlackElo "1920"]
[PlyCount "51"]
[EventDate "2015.01.08"]
[EventType "k.o."]
[EventRounds "4"]
[EventCountry "CAN"]

1. c4 c5 2. g3 g6 3. Bg2 Bg7 4. Nc3 Nc6 5. Nf3 Nf6 6. d4 cxd4 7. Nxd4 Qb6 8.
Nc2 O-O 9. O-O d6 10. b3 a6 11. h3 Qa5 12. Bd2 Qh5 13. e4 Qxd1 14. Raxd1 Rb8
15. Nd5 b5 16. cxb5 axb5 17. Ncb4 Nxb4 18. Nxe7+ Kh8 19. Bxb4 Ne8 20. Nxc8 Rxc8
21. Rc1 Rb8 22. Rfd1 Rb6 23. f4 Bf6 24. e5 Be7 25. Rc6 Rxc6 26. Bxc6 1-0

[Event "2015 Edmonton Championship"]
[Site "Edmonton"]
[Date "2015.01.08"]
[Round "1.1"]
[White "Razzaq, Ali"]
[Black "Miller, David"]
[Result "0-1"]
[WhiteElo "1951"]
[BlackElo "2222"]
[PlyCount "78"]
[EventDate "2015.01.08"]
[EventType "k.o."]
[EventRounds "4"]
[EventCountry "CAN"]

1. d4 e6 2. c4 d5 3. g3 Nf6 4. Bg2 c6 5. Nf3 Be7 6. O-O O-O 7. Nc3 Nbd7 8. b3
b6 9. Bb2 Bb7 10. Qc2 c5 11. cxd5 Nxd5 12. Nxd5 exd5 13. dxc5 bxc5 14. Qf5 Bf6
15. Bxf6 Nxf6 16. Rac1 Rc8 17. Ne5 Rc7 18. Rc2 Qc8 19. Qxc8 Rfxc8 20. Rfc1 Ba6
21. Nd3 c4 22. bxc4 dxc4 23. Ne5 Rc5 24. f4 c3 25. Kf2 Bb5 26. Nd3 R5c7 27. Bh3
Re8 28. Kf1 Nd5 29. a4 Ne3+ 30. Kf2 Nxc2 31. axb5 Nd4 32. Ne5 f6 33. Nc6 Rxe2+
34. Kf1 Rxh2 35. Bg2 Nxb5 36. Bd5+ Kf8 37. Kg1 Rd2 38. Bf3 Rxc6 39. Bxc6 Nd4
0-1

[Event "2015 Edmonton Championship"]
[Site "Edmonton"]
[Date "2015.01.08"]
[Round "1.1"]
[White "Zeggelaar, Mike"]
[Black "Hughey, Micah"]
[Result "1-0"]
[WhiteElo "1955"]
[BlackElo "2201"]
[PlyCount "97"]
[EventDate "2015.01.08"]
[EventType "k.o."]
[EventRounds "4"]
[EventCountry "CAN"]

1. e4 e5 2. Nf3 Nc6 3. Bc4 Nf6 4. d3 Bc5 5. O-O d6 6. c3 O-O 7. b4 Bb6 8. a4 a5
9. b5 Ne7 10. Bg5 Ng6 11. Nbd2 h6 12. Be3 Bxe3 13. fxe3 d5 14. exd5 Nxd5 15.
Bxd5 Qxd5 16. d4 exd4 17. exd4 Bd7 18. Qb3 Qxb3 19. Nxb3 b6 20. g3 Rae8 21.
Rfe1 f5 22. Ne5 Nxe5 23. dxe5 Re7 24. Re3 Rfe8 25. Rae1 Kf7 26. Nd4 g5 27. e6+
Rxe6 28. Nxe6 Rxe6 29. Rxe6 Bxe6 30. Rd1 Ke7 31. Kf2 Bb3 32. Rd4 Ke6 33. Ke3 h5
34. h4 f4+ 35. gxf4 gxh4 36. Kf2 Kf5 37. Kg2 Kg4 38. Kh2 Bc2 39. Kg2 Bb3 40.
Kh2 Bc2 41. Rc4 Bb3 42. Rxc7 Bxa4 43. c4 Kxf4 44. c5 Ke5 45. cxb6 Kd6 46. Rc6+
Kd7 47. b7 Bxb5 48. Rb6 Bc6 49. b8=Q 1-0

[Event "2015 Edmonton Championship"]
[Site "Edmonton"]
[Date "2015.01.15"]
[Round "1.2"]
[White "Briones, Dante"]
[Black "Gardner, Robert"]
[Result "0-1"]
[WhiteElo "1949"]
[BlackElo "2248"]
[PlyCount "62"]
[EventDate "2015.01.08"]
[EventType "k.o."]
[EventRounds "4"]
[EventCountry "CAN"]

1. e4 g6 2. Nc3 Bg7 3. d4 d6 4. Be3 a6 5. Qd2 b5 6. f3 Nd7 7. O-O-O Bb7 8. h4
c5 9. Nh3 c4 10. Ng5 Rc8 11. a3 Qb6 12. e5 d5 13. Bf2 h6 14. Nh3 e6 15. Nb1 a5
16. Be1 Ra8 17. f4 Bf8 18. h5 b4 19. Qe3 c3 20. hxg6 cxb2+ 21. Kd2 fxg6 22. Bd3
Ne7 23. Ke2 Ba6 24. g4 bxa3 25. Nxa3 Nc6 26. Nb1 Qxd4 27. Ng5 Qxe3+ 28. Kxe3
Bc5+ 29. Kf3 Bxd3 30. cxd3 Ke7 31. Nh3 a4 0-1

[Event "2015 Edmonton Championship"]
[Site "Edmonton"]
[Date "2015.01.15"]
[Round "1.2"]
[White "Hughey, Micah"]
[Black "Zeggelaar, Mike"]
[Result "1-0"]
[WhiteElo "2201"]
[BlackElo "1955"]
[PlyCount "81"]
[EventDate "2015.01.08"]
[EventType "k.o."]
[EventRounds "4"]
[EventCountry "CAN"]

1. c4 Nf6 2. g3 c5 3. Bg2 Nc6 4. Nc3 g6 5. e3 Bg7 6. d4 d6 7. d5 Nb8 8. Nf3 O-O
9. O-O Bg4 10. h3 Bxf3 11. Qxf3 Na6 12. e4 Nb4 13. Qe2 Nd7 14. a3 Na6 15. Bg5
Bf6 16. Bh6 Bg7 17. Bxg7 Kxg7 18. f4 f6 19. h4 Nc7 20. Bh3 a6 21. Rae1 Qe8 22.
Be6 Rh8 23. e5 fxe5 24. Bxd7 Qxd7 25. fxe5 Qh3 26. Rf3 Rhf8 27. exd6 exd6 28.
Qe7+ Kg8 29. Ref1 Rxf3 30. Rxf3 Re8 31. Qf7+ Kh8 32. Ne4 Qg4 33. Qf6+ Kg8 34.
Nxd6 Rb8 35. Qf7+ Kh8 36. Qxc7 Qxf3 37. Qxb8+ Kg7 38. Qc7+ Kh6 39. Nf7+ Kh5 40.
Qe5+ Kg4 41. Qf4+ 1-0

[Event "2015 Edmonton Championship"]
[Site "Edmonton"]
[Date "2015.01.15"]
[Round "1.2"]
[White "Majaducon, Willy"]
[Black "Pechenkin, Vladimir"]
[Result "0-1"]
[WhiteElo "1920"]
[BlackElo "2384"]
[PlyCount "96"]
[EventDate "2015.01.08"]
[EventType "k.o."]
[EventRounds "4"]
[EventCountry "CAN"]

1. d4 e6 2. c4 f5 3. g3 Nf6 4. Bg2 c6 5. Nc3 d5 6. c5 b6 7. cxb6 axb6 8. Nf3
Bd6 9. Ne5 O-O 10. O-O Ba6 11. Re1 c5 12. e3 Nbd7 13. f4 Ne4 14. Nxe4 fxe4 15.
Bh3 Qe7 16. Qh5 Nxe5 17. dxe5 Bc7 18. Bd2 Bd3 19. a3 g6 20. Qh6 b5 21. Rec1 Bb6
22. Be1 Rfe8 23. g4 c4 24. Bf2 Qg7 25. Qh4 g5 26. Qxg5 Qxg5 27. fxg5 Bd8 28.
Bg2 Bxg5 29. h4 Be7 30. Bh3 Bc5 31. g5 Kf7 32. Bg4 Rg8 33. Kh2 Ke7 34. Rg1 Raf8
35. Rg2 Rxf2 36. Rxf2 Bxe3 37. Rf6 Rg6 38. a4 b4 39. a5 Bd4 40. Rxg6 hxg6 41.
a6 Ba7 42. h5 gxh5 43. Bxh5 c3 44. bxc3 b3 45. Ra3 b2 46. Rb3 b1=Q 47. Rb7+
Qxb7 48. axb7 Bb8 0-1

[Event "2015 Edmonton Championship"]
[Site "Edmonton"]
[Date "2015.01.15"]
[Round "1.2"]
[White "Matras-Clement, Agnieszka"]
[Black "Dean, Tim"]
[Result "1-0"]
[WhiteElo "2263"]
[BlackElo "1938"]
[PlyCount "37"]
[EventDate "2015.01.08"]
[EventType "k.o."]
[EventRounds "4"]
[EventCountry "CAN"]

1. e4 e5 2. Nf3 Nc6 3. Bc4 Bc5 4. c3 Nf6 5. d3 d6 6. O-O O-O 7. Bb3 h6 8. Nbd2
Qe7 9. h3 Be6 10. Bc2 Qd7 11. Qe2 Bxh3 12. gxh3 Qxh3 13. Nh2 Ne7 14. Qf3 Qd7
15. b4 Bb6 16. Nc4 c6 17. Nxb6 axb6 18. Kh1 g5 19. Qxf6 1-0

[Event "2015 Edmonton Championship"]
[Site "Edmonton"]
[Date "2015.01.15"]
[Round "1.2"]
[White "Miller, David"]
[Black "Razzaq, Ali"]
[Result "1-0"]
[WhiteElo "2222"]
[BlackElo "1951"]
[PlyCount "129"]
[EventDate "2015.01.08"]
[EventType "k.o."]
[EventRounds "4"]
[EventCountry "CAN"]

1. e4 c6 2. d4 d5 3. Nd2 dxe4 4. Nxe4 Bf5 5. Ng3 Bg6 6. h4 h6 7. Nf3 Nd7 8. h5
Bh7 9. Bd3 Bxd3 10. Qxd3 e6 11. Bd2 Ngf6 12. O-O-O Be7 13. Kb1 O-O 14. Ne4 Nxe4
15. Qxe4 Nf6 16. Qe2 Qd5 17. Be3 b5 18. Ne5 a5 19. g4 Ne4 20. Rhg1 a4 21. f3
Ng5 22. Bxg5 Bxg5 23. Qf2 a3 24. b3 Bf6 25. f4 Rad8 26. Qf3 Bxe5 27. Qxd5 Rxd5
28. dxe5 Rfd8 29. Kc1 Kf8 30. Rxd5 Rxd5 31. Rd1 Ke7 32. c4 bxc4 33. bxc4 Rc5
34. Rd4 f6 35. Re4 Ra5 36. Kc2 Ra8 37. Kb3 c5 38. f5 Rb8+ 39. Kxa3 Rb4 40.
exf6+ Kxf6 41. Rxe6+ Kf7 42. Ra6 Rxc4 43. Ra4 Rc3+ 44. Kb2 Rg3 45. Re4 Rg2+ 46.
Kb3 Rg3+ 47. Ka4 Rg2 48. a3 Rg3 49. Rc4 Ke7 50. Rxc5 Rxg4+ 51. Kb5 Kd6 52. Rc6+
Kd5 53. f6 gxf6 54. Rxf6 Rg3 55. a4 Rb3+ 56. Ka6 Ke5 57. Rxh6 Kf5 58. Rb6 Ra3
59. a5 Ke5 60. h6 Kd5 61. Rb5+ Kc4 62. Rh5 Rf3 63. h7 Rf6+ 64. Kb7 Rf7+ 65. Kc6
1-0

[Event "2015 Edmonton Championship"]
[Site "Edmonton"]
[Date "2015.01.15"]
[Round "1.2"]
[White "Purewal, Sardul"]
[Black "Cheng, Louis"]
[Result "0-1"]
[WhiteElo "2001"]
[BlackElo "2131"]
[PlyCount "126"]
[EventDate "2015.01.08"]
[EventType "k.o."]
[EventRounds "4"]
[EventCountry "CAN"]

1. d4 Nf6 2. Nf3 e6 3. c4 b6 4. Nc3 Bb7 5. Bf4 Be7 6. e3 O-O 7. Be2 c5 8. Nb5
Nh5 9. Bd6 Na6 10. O-O Nf6 11. dxc5 Nxc5 12. Bxe7 Qxe7 13. Nd6 a5 14. Nxb7 Nxb7
15. Ne5 Rac8 16. Rc1 d6 17. Ng4 Nd7 18. e4 Nbc5 19. f3 f5 20. exf5 exf5 21. Nf2
Rce8 22. Re1 Qf6 23. b3 Re5 24. f4 Re3 25. Bf3 Rfe8 26. Rxe3 Rxe3 27. Qd2 Qe7
28. Kf1 Nf6 29. Re1 Rxe1+ 30. Qxe1 Nfe4 31. Qd1 Nxf2 32. Kxf2 Qh4+ 33. g3 Qxh2+
34. Ke3 Qh6 35. Kf2 Qh2+ 36. Ke3 Qh6 37. Kf2 Qf6 38. Qd5+ Kf8 39. Qa8+ Kf7 40.
Bd5+ Kg6 41. Qe8+ Kh6 42. Qc6 g6 43. Qxb6 Qb2+ 44. Ke3 Qc3+ 45. Ke2 Qxg3 46.
Qxd6 Qd3+ 47. Ke1 Ne4 48. Qf8+ Kh5 49. Bxe4 Qxe4+ 50. Kd2 Qxf4+ 51. Kc3 Qe3+
52. Kb2 f4 53. c5 f3 54. c6 Qe5+ 55. Ka3 Kg4 56. Qc8+ Kg3 57. Qd7 f2 58. Qd3+
Kg2 59. Qc2 Kg1 60. c7 Qe7+ 61. Kb2 Qf6+ 62. Ka3 Qf8+ 63. Ka4 Qb4# 0-1

[Event "2015 Edmonton Championship"]
[Site "Edmonton"]
[Date "2015.01.19"]
[Round "1.3"]
[White "Hughey, Micah"]
[Black "Zeggelaar, Mike"]
[Result "1-0"]
[WhiteElo "2201"]
[BlackElo "1955"]
[PlyCount "41"]
[EventDate "2015.01.08"]
[EventType "k.o."]
[EventRounds "4"]
[EventCountry "CAN"]

1. c4 e5 2. Nc3 Nf6 3. Nf3 d6 4. d4 exd4 5. Nxd4 g6 6. Bg5 Bg7 7. e4 h6 8. Bh4
Qe7 9. f3 g5 10. Bf2 Bd7 11. Qd2 Nc6 12. O-O-O O-O 13. g4 Ne5 14. Be2 a6 15. h4
Nh7 16. hxg5 Nxg5 17. f4 c5 18. Nf5 Bxf5 19. gxf5 Rad8 20. fxg5 hxg5 21. Nd5
1-0